LEADER 01053nam--2200313---4500 001 990000675470203316 035 $a0067547 035 $aUSA010067547 035 $a(ALEPH)000067547USA01 035 $a0067547 100 $a20011015d1972----km-y0ENGy0103----ba 101 $aita 102 $aIT 200 1 $a<> pergamene degli archivi vescovili di Amalfi e Ravello$eesempi di scrittura minuscola in carte ravallesi del sec. XII, XIII$fa cura di Jole Mazzoleni 210 $aNapoli$cArte Tipografica$d1972 215 $ap.$cill.$d26 cm 225 2 $aUniversità degli studi di Napoli Istituto di Paleografia e Diplomatica 410 $12001 702 1$aMAZZOLENI,$bJole 801 0$aIT$bsalbc$gISBD 912 $a990000675470203316 951 $aFV C 9 3 62$b7228$cFV C 9 3 959 $aBK 969 $aF.VENTIMIGLIA 979 $aPATTY$b90$c20011015$lUSA01$h1717 979 $c20020403$lUSA01$h1717 979 $aPATRY$b90$c20040406$lUSA01$h1646 996 $aPergamene degli archivi vescovili di Amalfi e Ravello$9597953 997 $aUNISA LEADER 00826nam0-22003011i-450- 001 990000980630403321 035 $a000098063 035 $aFED01000098063 035 $a(Aleph)000098063FED01 035 $a000098063 100 $a20000920d1961----km-y0itay50------ba 101 0 $aeng 200 1 $aPhotonuclear Physics$fLectures by Michael Danos 210 $aCollege Park$cUniversity of Maryland$d1961 300 $aTechnical Report 221. 610 0 $aTeoria dei campi 610 0 $aTeoria dello scattering 610 0 $aTeoria dei molti corpi 676 $a530.143 700 1$aDanos,$bMichael$040377 801 0$aIT$bUNINA$gRICA$2UNIMARC 901 $aBK 912 $a990000980630403321 952 $a22A-022$b2677$fFI1 959 $aFI1 996 $aPhotonuclear Physics$9353350 997 $aUNINA DB $aING01 LEADER 01311nam--2200397---450- 001 990005847410203316 005 20130523110928.0 010 $a978-88-7524-224-4 035 $a000584741 035 $aUSA01000584741 035 $a(ALEPH)000584741USA01 035 $a000584741 100 $a20130523d2013----km-y0itay50------ba 101 $aita 102 $aIT 105 $a||||||||001yy 200 1 $a<> disciplina delle s.r.l.$etesto aggiornato alla circolare del Ministero dello Sviluppo economico 2 gennaio 2013, n. 3657/C$fDamiano Marinelli, Saverio Sabatini 210 $aTorino$cGiappichelli$d2013 215 $aIX, 359 p.$d24 cm 225 2 $aDiritto e professione$iDiritto civile$v24 410 0$12001$aDiritto e professione$iDiritto civile$v, 24 454 1$12001 461 1$1001-------$12001 606 0 $aSocietà a responsabilità limitata$2BNCF 676 $a346.450668 700 1$aMARINELLI,$bDamiano$0605709 701 1$aSABATINI,$bSaverio$0617063 801 0$aIT$bsalbc$gISBD 912 $a990005847410203316 951 $aXXV.3.E. 708$b76912 G.$cXXV.3.E.$d00341101 959 $aBK 969 $aGIU 979 $aFIORELLA$b90$c20130523$lUSA01$h1107 979 $aFIORELLA$b90$c20130523$lUSA01$h1109 996 $aDisciplina delle s.r.l$91086863 997 $aUNISA